000 00798cam a2200229 a 4500
999 _c5817
_d5817
001 15030324
005 20171009151342.0
008 071002s2007 ke a 000 j eng
010 _a 2007381877
020 _a9966082611
040 _aDLC
_cDLC
_dDLC
042 _alcode
050 0 0 _aGR355.82.D53
_bA56 2007
100 1 _aAkol, Jacob J.
_931110
245 1 0 _aDinka folktales /
_cJacob J. Akol ; illustrations by Christine Abuk.
260 _aNairobi :
_bPaulines Publications Africa,
_c2007.
300 _a96 p. :
_bill. ;
_c21 cm.
650 0 0 _aDinka (African people)
_xFolklore.
_936863
906 _a7
_bcbc
_corigode
_d3
_encip
_f20
_gy-gencatlg
942 _2lcc
_cMONOGRAPH